| 000 | 00345pam a2200145 a 4500 | ||
|---|---|---|---|
| 020 | _c | ||
| 041 | _h | ||
| 082 |
_a616.6`4 _bSMI |
||
| 100 | _aSmith Arthur D. . | ||
| 245 |
_aSmith`s Textbook of Endourology Vol -1 _hTextual Documents |
||
| 250 | _a3rd ed. . | ||
| 260 |
_a[s.l]: _bWiley-Blackwell , _c2012. |
||
| 300 | _a782. | ||
| 930 | _a10054 | ||
| 999 |
_c10047 _d10047 |
||